| 000 | 00832nam a22002177a 4500 | ||
|---|---|---|---|
| 003 | PILC | ||
| 005 | 20160120152235.0 | ||
| 008 | 140123b xxu||||| |||| 00| 0 eng d | ||
| 020 | _a9780810987586 | ||
| 050 |
_aPZ 7 _b.K6232Dr 2007 |
||
| 100 | _aKinney, Jeff | ||
| 245 |
_aDiary of a wimpy kid _cJeff Kinney |
||
| 260 |
_aUSA : _bAmulet, _c2008. |
||
| 300 |
_a217 p. : _bill. ; _c20cm. |
||
| 520 | _aGreg records his sixth grade experiences in a middle school where he and his best friend, Rowley, undersized weaklings amid boys who need to shave twice daily, hope just to survive, but when Rowley grows more popular, Greg must take drastic measures to save their friendship. | ||
| 650 | _2Summer-Fiction | ||
| 650 | _aDiaries-Fiction | ||
| 650 | _aHumorous stories-Fiction | ||
| 942 |
_2lcc _cBK |
||
| 999 |
_c26086 _d26086 |
||